Simulation and Chaotic Behavior of α-Stable Stochastic Processes
Saved in:
| Main Author: | |
|---|---|
| Other Authors: | |
| Format: | Book |
| Language: | English |
| Published: |
New York :
Marcek Dekker,
1994.
|
| Series: | Monographs and textbooks in pure and applied mathematics ;
178 |
| Subjects: | |
| Tags: |
Add Tag
No Tags, Be the first to tag this record!
|
MARC
| LEADER | 00000cam a2200000 i 4500 | ||
|---|---|---|---|
| 001 | 1/52091 | ||
| 008 | 950928s1994 nyu| ||| |||| ||eng|| | ||
| 020 | |a 0824788826 | ||
| 035 | |a 1995 |c ΠΑΥΛΟΠΟΥΛΟΣ |l 10044325 | ||
| 040 | |a GR-MyUA |b gre |e AACR2 | ||
| 041 | 0 | |a eng | |
| 082 | 0 | |a 003.76 | |
| 100 | 1 | |a Janicki, Aleksander |d 1946- | |
| 245 | 1 | 0 | |a Simulation and Chaotic Behavior of α-Stable Stochastic Processes / |c Aleksander Janicki and Aleksander Weron. |
| 260 | |a New York : |b Marcek Dekker, |c 1994. | ||
| 300 | |a 355 σ. ; |c 24 εκ. | ||
| 490 | 1 | |a (Monographs and textbooks in pure and applied mathematics |v ; 178) | |
| 504 | |a Περιέχει βιβλιογραφικές αναφορές και ευρετήριο. | ||
| 650 | 0 | 0 | |a Stochastic processes |x Data processing. |
| 700 | 1 | |a Weron, Aleksander. | |
| 830 | 0 | |a Monographs and textbooks in pure and applied mathematics ; |v 178 | |
| 852 | |a INST |b SAMOS |e 19950928 |h 003.76 JAN |p 005300004828 |q 005300004828 |t BK |y 0 | ||
| 909 | |a Σ |b 042449 | ||